[Event "Ste-Foy - Botwinnik"]
[Site "Ste-Foy CAN"]
[Date "2016.09.24"]
[Round "3"]
[White "Sarra-Bournet, Marc"]
[Black "Poliquin, Yvon"]
[Result "1/2-1/2"]
[WhiteElo "1797"]
[BlackElo "2021"]
[PlyCount "135"]
[EventDate "2016.09.10"]
[EventType "tourn"]
[EventRounds "5"]
[EventCountry "CAN"]

1. e4 d5 2. exd5 Qxd5 3. Nc3 Qa5 4. d4 Nf6 5. Bd2 c6 6. Bc4 Bg4 7. f3 Bh5 8.
Nge2 Qd8 9. O-O e6 10. Bg5 Nbd7 11. Ne4 Be7 12. Nf4 Nxe4 13. Bxe7 Qxe7 14. Nxh5
Nd6 15. Bb3 O-O-O 16. c4 Nf5 17. Re1 Qh4 18. f4 Nc5 19. g3 Qe7 20. d5 Nxb3 21.
axb3 Qc5+ 22. Kh1 exd5 23. Re5 g6 24. Nf6 Qd6 25. Ng4 h5 26. Nf2 f6 27. Re2
dxc4 28. Qxd6 Rxd6 29. Rxa7 Kb8 30. Ra3 cxb3 31. Rxb3 Rhd8 32. Rb4 Nd4 33. Re7
b5 34. Ne4 Rd5 35. Nxf6 c5 36. Nxd5 Rxd5 37. Rxd4 cxd4 38. Re2 Rc5 39. Kg1 Kc7
40. Rd2 Rc4 41. Kf2 Kd6 42. Kf3 Kd5 43. h3 Rb4 44. g4 Rb3+ 45. Kg2 hxg4 46.
hxg4 Ke4 47. Rf2 Re3 48. f5 gxf5 49. gxf5 Kd5 50. f6 Re8 51. f7 Rf8 52. Kf1 Ke4
53. Ke2 Kd5 54. Kd3 Ke5 55. Rf3 Kd5 56. Rf5+ Ke6 57. Rf4 Ke5 58. Re4+ Kf5 59.
Re1 Kf6 60. Re2 Kg6 61. Re7 Kf6 62. Rb7 Rd8 63. Rd7 Rc8 64. Kxd4 Kg7 65. Kd5
Rc2 66. b4 Rc4 67. Rb7 Rxb4 68. Kc5 1/2-1/2

[Event "Ste-Foy - Botwinnik"]
[Site "Ste-Foy CAN"]
[Date "2016.10.01"]
[Round "4"]
[White "Dube, Daniel"]
[Black "Bahadi, Khalid"]
[Result "0-1"]
[WhiteElo "1860"]
[BlackElo "1887"]
[PlyCount "90"]
[EventDate "2016.09.10"]
[EventType "tourn"]
[EventRounds "5"]
[EventCountry "CAN"]

1. e4 e5 2. Nf3 Nc6 3. d4 exd4 4. Nxd4 Bc5 5. Nxc6 bxc6 6. Bd3 Nf6 7. Nc3 O-O
8. O-O Rb8 9. e5 Nd5 10. Ne4 Be7 11. a3 d6 12. c4 dxe5 13. cxd5 cxd5 14. Nc3 e4
15. Bc2 c6 16. Bf4 Rxb2 17. Na4 Rb7 18. Be3 f5 19. f4 Rd7 20. Nc5 Qb6 21. Rb1
Bxc5 22. Rxb6 Bxe3+ 23. Kh1 axb6 24. Qe2 Bc5 25. a4 Ra7 26. Ra1 Ba6 27. Qh5 Bc4
28. g4 Be2 29. Bd1 Rxa4 30. Rxa4 Bxd1 31. Ra2 Bxg4 32. Qg5 Bf3+ 33. Rg2 g6 34.
h3 Kg7 35. Kh2 Bxg2 36. Qxg2 Bd6 37. Qb2+ Rf6 38. Qxb6 Bxf4+ 39. Kg2 Be5 40.
Qd8 Kh6 41. Qe7 Bd4 42. h4 f4 43. Qb7 f3+ 44. Kh3 c5 45. Qb8 f2 0-1

[Event "Ste-Foy - Botwinnik"]
[Site "Ste-Foy CAN"]
[Date "2016.10.01"]
[Round "4"]
[White "Laflamme, Simon"]
[Black "Jean, Martin"]
[Result "1/2-1/2"]
[WhiteElo "1838"]
[BlackElo "1572"]
[PlyCount "41"]
[EventDate "2016.09.10"]
[EventType "tourn"]
[EventRounds "5"]
[EventCountry "CAN"]

1. Nf3 c5 2. c4 Nc6 3. Nc3 Nf6 4. d4 cxd4 5. Nxd4 g6 6. e4 d6 7. Be2 Nxd4 8.
Qxd4 Bg7 9. Be3 Bd7 10. O-O O-O 11. Qd2 Bc6 12. f3 Re8 13. Nd5 e6 14. Nxf6+
Qxf6 15. Rab1 Qe7 16. Rfe1 b6 17. Bd4 Bxd4+ 18. Qxd4 Rad8 19. f4 e5 20. fxe5
dxe5 21. Qe3 1/2-1/2

[Event "Ste-Foy - Botwinnik"]
[Site "Ste-Foy CAN"]
[Date "2016.10.01"]
[Round "4"]
[White "Poliquin, Yvon"]
[Black "Leblanc-Legault, Mathieu"]
[Result "1-0"]
[WhiteElo "2021"]
[BlackElo "1695"]
[PlyCount "87"]
[EventDate "2016.09.10"]
[EventType "tourn"]
[EventRounds "5"]
[EventCountry "CAN"]

1. e4 e6 2. d4 d5 3. e5 c5 4. c3 Nc6 5. Nf3 Bd7 6. Bd3 Rc8 7. a3 Nge7 8. O-O c4
9. Bc2 Nf5 10. Re1 Be7 11. Nbd2 O-O 12. Nf1 f6 13. Ng3 Nxg3 14. hxg3 fxe5 15.
Nxe5 Nxe5 16. Rxe5 g6 17. f4 Bf6 18. Re1 Bg7 19. Be3 b5 20. Qe2 a5 21. Bf2 Qb6
22. Kh2 Qd6 23. Rh1 Kf7 24. Kg1 Rh8 25. Rf1 Ke7 26. g4 Kd8 27. Bh4+ Kc7 28. Rh3
Kb6 29. Re3 Rce8 30. Bg3 Qc6 31. g5 Rhf8 32. Kh2 Rf7 33. Qe1 Bf8 34. Bd1 Bd6
35. Bg4 Bc7 36. Kg1 b4 37. axb4 axb4 38. cxb4 Kb5 39. Ra3 Bb6 40. Qa1 Bxd4+ 41.
Bf2 Bxf2+ 42. Rxf2 Qb7 43. Ra7 Qb6 44. Qa4# 1-0

[Event "Ste-Foy - Botwinnik"]
[Site "Ste-Foy CAN"]
[Date "2016.10.01"]
[Round "4"]
[White "Sarra-Bournet, Marc"]
[Black "Chouinard, Etienne"]
[Result "1-0"]
[WhiteElo "1797"]
[BlackElo "1879"]
[PlyCount "71"]
[EventDate "2016.09.10"]
[EventType "tourn"]
[EventRounds "5"]
[EventCountry "CAN"]

1. e4 e5 2. Nf3 Nc6 3. Bb5 Nf6 4. O-O Bc5 5. Nc3 d6 6. d4 exd4 7. Nxd4 Bd7 8.
Nxc6 bxc6 9. Ba4 O-O 10. Bg5 h6 11. Bh4 g5 12. Bg3 Re8 13. Qd3 Qe7 14. Rae1 d5
15. e5 Nh5 16. e6 Nxg3 17. exd7 Qxe1 18. dxe8=Q+ Rxe8 19. Qxg3 Qd2 20. Qd3 Qf4
21. Qd1 Re6 22. g3 Qb4 23. Bb3 Rf6 24. a3 Qb6 25. Qe2 Bd6 26. Na4 Qa5 27. Qe8+
Kg7 28. Qxc6 Bxg3 29. Qxd5 Bxh2+ 30. Kxh2 Qa6 31. Kg2 Qe2 32. Qd4 Qf3+ 33. Kg1
g4 34. Bd5 Qh3 35. Bg2 Qh5 36. Nc3 1-0

[Event "Ste-Foy - Botwinnik"]
[Site "Ste-Foy CAN"]
[Date "2016.10.08"]
[Round "5"]
[White "Bahadi, Khalid"]
[Black "Sarra-Bournet, Marc"]
[Result "1-0"]
[WhiteElo "1887"]
[BlackElo "1813"]
[PlyCount "45"]
[EventDate "2016.09.10"]
[EventType "tourn"]
[EventRounds "5"]
[EventCountry "CAN"]

1. e4 e5 2. Nf3 Nc6 3. Bc4 Bc5 4. c3 Nf6 5. d4 exd4 6. e5 d5 7. Bb3 Ne4 8. cxd4
Bb4+ 9. Nbd2 Bg4 10. O-O Bxd2 11. Bxd2 Nxd4 12. Be3 Nxb3 13. Qxb3 b6 14. Nd4
Nc5 15. Qb5+ Bd7 16. Nc6 Ne6 17. Qxd5 Bxc6 18. Qxc6+ Ke7 19. Rfd1 Qc8 20. f4
Re8 21. f5 Nd8 22. Bc5+ bxc5 23. Qxc5# 1-0

[Event "Ste-Foy - Botwinnik"]
[Site "Ste-Foy CAN"]
[Date "2016.10.08"]
[Round "5"]
[White "Chouinard, Etienne"]
[Black "Poliquin, Yvon"]
[Result "1/2-1/2"]
[WhiteElo "1879"]
[BlackElo "2021"]
[PlyCount "146"]
[EventDate "2016.09.10"]
[EventType "tourn"]
[EventRounds "5"]
[EventCountry "CAN"]

1. e4 c5 2. f4 e6 3. Nf3 Nc6 4. c3 d5 5. e5 Nge7 6. d4 cxd4 7. cxd4 Nf5 8. Bb5
Bd7 9. Bxc6 bxc6 10. Bd2 Qb6 11. Bc3 c5 12. Qd2 cxd4 13. Nxd4 Nxd4 14. Bxd4 Bc5
15. Bxc5 Qxc5 16. Na3 Rc8 17. Ke2 O-O 18. Rhc1 Qb6 19. g4 Rxc1 20. Rxc1 Rc8 21.
Rxc8+ Bxc8 22. Qc1 Ba6+ 23. Kf3 g5 24. f5 h6 25. fxe6 fxe6 26. Qc2 Kg7 27. Qa4
Qb7 28. Qd4 Qf7+ 29. Ke3 Qf1 30. Qxa7+ Kg6 31. Kd2 Qe2+ 32. Kc3 Qxe5+ 33. Qd4
Qc7+ 34. Kb3 Qxh2 35. Qe3 Qe2 36. Qd4 Qf3+ 37. Kb4 Qf4 38. Kc5 Qc7+ 39. Kb4 Qf4
40. Kc5 Be2 41. Qh8 Qc7+ 42. Kb4 Qe7+ 43. Ka4 Qd7+ 44. Ka5 Qa7+ 45. Kb4 Qb6+
46. Ka4 Bxg4 47. Qe8+ Kf5 48. Qf7+ Ke4 49. Qg6+ Bf5 50. Qxh6 Qa7+ 51. Kb4 Qh7
52. Qxg5 Qh2 53. Qc1 Qf4 54. Qc3 Qd6+ 55. Ka5 Qd8+ 56. Kb4 Qd6+ 57. Ka5 d4 58.
Qc2+ Kd5 59. Qc4+ Ke5 60. Nb5 Qd5 61. Qe2+ Kf6 62. a4 d3 63. Qd2 e5 64. Kb4
Qe4+ 65. Kc3 Qc6+ 66. Kb4 Qe4+ 67. Kc3 Kg7 68. b3 Qc6+ 69. Kb2 Qf6 70. Qg2+ Bg6
71. Qb7+ Bf7 72. Qg2+ Bg6 73. Qb7+ Bf7 1/2-1/2

[Event "Ste-Foy - Botwinnik"]
[Site "Ste-Foy CAN"]
[Date "2016.10.08"]
[Round "5"]
[White "Laflamme, Simon"]
[Black "Nadil, Afil"]
[Result "1-0"]
[WhiteElo "1838"]
[BlackElo "1601"]
[PlyCount "41"]
[EventDate "2016.09.10"]
[EventType "tourn"]
[EventRounds "5"]
[EventCountry "CAN"]

1. Nf3 c5 2. c4 Nc6 3. d4 cxd4 4. Nxd4 e5 5. Nc2 Nf6 6. Nc3 a6 7. e4 h6 8. Be2
d6 9. O-O Be6 10. Be3 Qd7 11. f3 Rc8 12. Qd2 g5 13. Rad1 Nh5 14. Na4 Qe7 15.
Nb6 Rd8 16. g3 Nf6 17. Nd5 Bxd5 18. cxd5 Nb8 19. Bb6 Rc8 20. Ne3 Nfd7 21. Nf5
1-0

[Event "Ste-Foy - Botwinnik"]
[Site "Ste-Foy CAN"]
[Date "2016.10.08"]
[Round "5"]
[White "Legault-Leblanc, Mathieu"]
[Black "Doyon, Stephane"]
[Result "1/2-1/2"]
[WhiteElo "1695"]
[BlackElo "1855"]
[PlyCount "77"]
[EventDate "2016.09.10"]
[EventType "tourn"]
[EventRounds "5"]
[EventCountry "CAN"]

1. Nf3 d5 2. d4 Nf6 3. e3 c6 4. c4 e6 5. Nc3 Nbd7 6. Bd3 dxc4 7. Bxc4 b5 8. Bd3
Bb7 9. O-O a6 10. b3 c5 11. Bb2 Be7 12. Nd2 O-O 13. Nce4 Rc8 14. Qe2 Re8 15.
Rfc1 Nxe4 16. Bxe4 Bxe4 17. Nxe4 cxd4 18. Bxd4 Rxc1+ 19. Rxc1 Ba3 20. Rc2 e5
21. Bc5 Nxc5 22. Nxc5 Bxc5 23. Rxc5 Qd6 24. Qc2 Rd8 25. Rc8 g6 26. Kf1 Rxc8 27.
Qxc8+ Kg7 28. Ke2 e4 29. Qc3+ f6 30. h3 Qh2 31. g3 Qxh3 32. Qc7+ Kh6 33. Qf4+
Kg7 34. Qxe4 Qd7 35. Qa8 Qg4+ 36. Ke1 Qb4+ 37. Kf1 Qc3 38. Qb7+ Kh6 39. Qh1+
1/2-1/2

[Event "Ste-Foy - Euwe"]
[Site "Ste-Foy CAN"]
[Date "2016.01.16"]
[Round "1"]
[White "Labrecque, Rejean"]
[Black "Bahadi, Khalid"]
[Result "0-1"]
[WhiteElo "1765"]
[BlackElo "1976"]
[PlyCount "64"]
[EventDate "2016.01.16"]
[EventType "swiss"]
[EventRounds "5"]
[EventCountry "CAN"]

1. d4 d5 2. c4 c6 3. cxd5 cxd5 4. Nf3 Nc6 5. Nc3 Nf6 6. e3 e6 7. Bd3 Bd6 8. O-O
O-O 9. a3 e5 10. dxe5 Nxe5 11. Nxe5 Bxe5 12. Rb1 Re8 13. Ne2 Bg4 14. Qb3 Re6
15. Nd4 Rb6 16. Qa4 Ne4 17. f4 Bc7 18. Bxe4 dxe4 19. Bd2 Rh6 20. Be1 Qd5 21.
Rc1 Bb6 22. Bg3 Rd8 23. Bf2 Qh5 24. Bg3 Rhd6 25. Bf2 Rg6 26. Qb5 Qxb5 27. Nxb5
Bh3 28. Nd4 Rxg2+ 29. Kh1 h5 30. Rc2 Bxd4 31. exd4 e3 32. Rc3 Rxf2 0-1

[Event "Ste-Foy - Euwe"]
[Site "Ste-Foy CAN"]
[Date "2016.01.16"]
[Round "1"]
[White "Laflamme, Simon"]
[Black "Tremblay, Charles"]
[Result "1-0"]
[WhiteElo "1850"]
[BlackElo "1654"]
[PlyCount "103"]
[EventDate "2016.01.16"]
[EventType "swiss"]
[EventRounds "5"]
[EventCountry "CAN"]

1. e4 c5 2. d4 cxd4 3. c3 Nc6 4. cxd4 e6 5. Nf3 Nf6 6. e5 Nd5 7. Nc3 Bb4 8. Bd2
Qa5 9. Qc2 Nxc3 10. bxc3 Be7 11. Bd3 d6 12. exd6 Bxd6 13. O-O Ne7 14. Rab1 Qc7
15. Rfe1 Ng6 16. g3 O-O 17. Rb5 Bd7 18. Rh5 Rac8 19. Ng5 f5 20. Nxe6 Bxe6 21.
Rxe6 Ne7 22. Bxf5 g6 23. Bxg6 hxg6 24. Rxg6+ Nxg6 25. Qxg6+ Qg7 26. Qxd6 Rf6
27. Qd5+ Qf7 28. Qg5+ Rg6 29. Qh4 Kf8 30. Bh6+ Ke8 31. Bd2 Rcc6 32. Rh8+ Rg8
33. Qe4+ Kd7 34. Rh7 Rg7 35. Rxg7 Qxg7 36. Qd5+ Kc8 37. Qf5+ Kb8 38. Qe5+ Qc7
39. Qxc7+ Kxc7 40. h4 Ra6 41. h5 Re6 42. h6 Re7 43. g4 Kd7 44. g5 Ke8 45. g6
Kf8 46. Bf4 Re6 47. g7+ Kg8 48. d5 Re1+ 49. Kg2 Rd1 50. d6 b5 51. Be5 a5 52.
Bd4 1-0

[Event "Ste-Foy - Euwe"]
[Site "Ste-Foy CAN"]
[Date "2016.01.16"]
[Round "1"]
[White "Lessard, Claude"]
[Black "Skakni, Ismael"]
[Result "1/2-1/2"]
[WhiteElo "2004"]
[BlackElo "1782"]
[PlyCount "110"]
[EventDate "2016.01.16"]
[EventType "swiss"]
[EventRounds "5"]
[EventCountry "CAN"]

1. d4 d5 2. c4 e6 3. Nc3 Nf6 4. Nf3 c6 5. e3 Nbd7 6. cxd5 cxd5 7. Bd3 Be7 8.
O-O O-O 9. Qe2 b6 10. Bd2 Bb7 11. Ba6 Bxa6 12. Qxa6 Qc8 13. Qa4 a6 14. Rfc1 Qb7
15. Qd1 b5 16. a3 Rac8 17. Be1 Rc7 18. Nd2 Nb6 19. b4 Nc4 20. Nb3 Nd7 21. Qe2
Nf6 22. Nc5 Bxc5 23. dxc5 Nd7 24. Rcb1 Nde5 25. f3 Nc6 26. Bf2 Rd7 27. a4 Rfd8
28. axb5 axb5 29. Qa2 Rb8 30. Qa6 h6 31. Qxb7 Rdxb7 32. Ra6 Rc8 33. Na2 Kf8 34.
Rd1 Nb2 35. Rd2 Nc4 36. Re2 Ke7 37. Be1 f6 38. Kf2 Kd7 39. Nc1 Nb8 40. Raa2 Nc6
41. Ra6 Nb8 42. Ra8 Nc6 43. Rxc8 Kxc8 44. Ra2 Ra7 45. Rxa7 Nxa7 46. g4 Nc6 47.
Bc3 e5 48. h4 Kd7 49. f4 Nxe3 50. Kxe3 d4+ 51. Bxd4 exd4+ 52. Ke4 Nxb4 53. Kxd4
Nc6+ 54. Ke4 Ne7 55. Nd3 Kc6 1/2-1/2

[Event "Ste-Foy - Euwe"]
[Site "Ste-Foy CAN"]
[Date "2016.01.16"]
[Round "1"]
[White "Servant, Michel"]
[Black "Chouinard, Etienne"]
[Result "0-1"]
[WhiteElo "1617"]
[BlackElo "1824"]
[PlyCount "54"]
[EventDate "2016.01.16"]
[EventType "swiss"]
[EventRounds "5"]
[EventCountry "CAN"]

1. c4 e6 2. g3 d5 3. Bg2 Nf6 4. Nf3 c6 5. cxd5 exd5 6. d4 Nbd7 7. O-O Bd6 8.
Nc3 O-O 9. Bg5 Re8 10. Re1 h6 11. Bd2 Nf8 12. Qc2 Bb4 13. a3 Bxc3 14. bxc3 Ng6
15. Rab1 Ne4 16. Rb3 Nd6 17. Qc1 Bg4 18. Bf4 Nxf4 19. Qxf4 Re4 20. Qc1 Qe7 21.
Qb2 Nc4 22. Qc2 Re6 23. h3 Bh5 24. g4 Bg6 25. Qd1 Nxa3 26. e4 Bxe4 27. Ne5 Bc2
0-1

[Event "Ste-Foy - Euwe"]
[Site "Ste-Foy CAN"]
[Date "2016.01.23"]
[Round "2"]
[White "Caron, Sebastien"]
[Black "Gaudreau, Eric"]
[Result "1/2-1/2"]
[WhiteElo "1986"]
[BlackElo "1849"]
[PlyCount "85"]
[EventDate "2016.01.16"]
[EventType "swiss"]
[EventRounds "5"]
[EventCountry "CAN"]

1. e4 c5 2. Nf3 e6 3. d4 cxd4 4. Nxd4 Nf6 5. Nc3 d6 6. Be2 a6 7. O-O Qc7 8. a4
b6 9. f4 Bb7 10. Bf3 Nc6 11. Nxc6 Bxc6 12. Be3 Qb7 13. Qd4 Rb8 14. Qd3 e5 15.
Nd5 Bxd5 16. exd5 exf4 17. Bd4 Be7 18. Bxf6 Bxf6 19. Rae1+ Kf8 20. Qf5 Bd4+ 21.
Kh1 Qc8 22. Qxf4 Be5 23. Qb4 Qc5 24. Qe4 Rc8 25. c3 Qc4 26. Qc2 Qh4 27. g3 Bxg3
28. Re4 Qh6 29. Re2 Be5 30. Qd3 g6 31. Qxa6 Kg7 32. Qxb6 Rc4 33. a5 Rh4 34. Qg1
Rc8 35. Rg2 Rcc4 36. Rff2 Ra4 37. a6 Rxa6 38. Qf1 Raa4 39. Bd1 Raf4 40. Rxf4
Bxf4 41. Qe2 Rh3 42. Rf2 Be5 43. Qd2 1/2-1/2

[Event "Ste-Foy - Euwe"]
[Site "Ste-Foy CAN"]
[Date "2016.01.23"]
[Round "2"]
[White "Chouinard, Etienne"]
[Black "Laflamme, Simon"]
[Result "1-0"]
[WhiteElo "1824"]
[BlackElo "1850"]
[PlyCount "57"]
[EventDate "2016.01.16"]
[EventType "swiss"]
[EventRounds "5"]
[EventCountry "CAN"]

1. e4 c6 2. d4 d5 3. e5 c5 4. c3 Nc6 5. Be3 Nh6 6. Bd3 Nf5 7. Nf3 Nxe3 8. fxe3
Bg4 9. O-O e6 10. Nbd2 Be7 11. Qe1 O-O 12. Qg3 Bh5 13. Qh3 Bg6 14. Bxg6 hxg6
15. Kh1 Qc7 16. g4 f5 17. exf6 gxf6 18. Qh6 Rf7 19. Ng5 Bd6 20. Nxe6 Qe7 21.
Qxg6+ Kh8 22. Rf5 Rh7 23. Rh5 Rxh5 24. Qxh5+ Qh7 25. Rf1 cxd4 26. exd4 Qxh5 27.
gxh5 Be7 28. Rf5 Nd8 29. Nc7 1-0

[Event "Ste-Foy - Euwe"]
[Site "Ste-Foy CAN"]
[Date "2016.01.23"]
[Round "2"]
[White "Sarra-Bournet, Marc"]
[Black "Lessard, Claude"]
[Result "1-0"]
[WhiteElo "1856"]
[BlackElo "2004"]
[PlyCount "57"]
[EventDate "2016.01.16"]
[EventType "swiss"]
[EventRounds "5"]
[EventCountry "CAN"]

1. e4 c6 2. d4 d5 3. Nc3 dxe4 4. Nxe4 Nf6 5. Nxf6+ gxf6 6. Bc4 Bf5 7. Ne2 h5 8.
Bf4 h4 9. Qd2 Nd7 10. O-O-O e6 11. Rhe1 Nb6 12. Bd3 Bxd3 13. Qxd3 Nd5 14. Kb1
Nxf4 15. Nxf4 Qd6 16. Qf5 Be7 17. Nxe6 fxe6 18. Rxe6 Qd5 19. Qxf6 O-O-O 20.
Rxe7 Rdf8 21. Qg7 Qd6 22. Rxb7 Rhg8 23. Qh7 Rh8 24. Qe7 Qxe7 25. Rxe7 Rxf2 26.
Rxa7 Rh5 27. Re1 Kb8 28. Rg7 Rh8 29. a4 1-0

[Event "Ste-Foy - Euwe"]
[Site "Ste-Foy CAN"]
[Date "2016.01.30"]
[Round "3"]
[White "Abran, David"]
[Black "Chouinard, Etienne"]
[Result "0-1"]
[WhiteElo "1809"]
[BlackElo "1824"]
[PlyCount "98"]
[EventDate "2016.01.16"]
[EventType "swiss"]
[EventRounds "5"]
[EventCountry "CAN"]

1. d4 d5 2. c4 e6 3. Nc3 Nf6 4. Nf3 Nbd7 5. Bg5 c6 6. e3 Qa5 7. Qb3 Ne4 8. Bf4
Bb4 9. Rc1 Ndf6 10. Bd3 O-O 11. h3 b6 12. cxd5 cxd5 13. O-O Bxc3 14. bxc3 Ba6
15. Bxa6 Qxa6 16. c4 Rac8 17. cxd5 Nxd5 18. Be5 Ndc3 19. Kh2 Qxa2 20. Qxa2 Nxa2
21. Ra1 Rc2 22. Ne1 Re2 23. Nd3 f6 24. Nf4 Rd2 25. Nxe6 Rc8 26. Bg3 Rcc2 27.
Nf4 b5 28. Rad1 b4 29. Rxd2 Nxd2 30. Rd1 b3 31. Nd3 b2 32. Nxb2 Rxb2 33. Bc7
Kf7 34. Ba5 Nb3 35. Be1 a5 36. Bxa5 Nxa5 37. f3 Nc4 38. Rd3 Nb4 39. Rc3 Rc2 40.
Rb3 Nd5 41. Rb7+ Kg6 42. e4 Nde3 43. Rb1 Rxg2+ 44. Kh1 Nd2 45. Rg1 Rxg1+ 46.
Kxg1 Nxf3+ 47. Kf2 Nxd4 48. Kxe3 Nc6 49. Kf4 Ne5 0-1

[Event "Ste-Foy - Euwe"]
[Site "Ste-Foy CAN"]
[Date "2016.01.30"]
[Round "3"]
[White "Dube, Daniel"]
[Black "Sarra-Bournet, Marc"]
[Result "1-0"]
[WhiteElo "1960"]
[BlackElo "1856"]
[PlyCount "35"]
[EventDate "2016.01.16"]
[EventType "swiss"]
[EventRounds "5"]
[EventCountry "CAN"]

1. e4 e5 2. Nf3 Nc6 3. Nc3 Bc5 4. Nxe5 Nxe5 5. d4 Bxd4 6. Qxd4 Qf6 7. Be3 c6 8.
Be2 d6 9. O-O-O Be6 10. Qxd6 Ne7 11. f4 Ng4 12. Bd4 Qg6 13. h3 Nh6 14. Bc5 Nhf5
15. exf5 Nxf5 16. Qc7 Rc8 17. Nb5 f6 18. Nd6+ 1-0

[Event "Ste-Foy - Euwe"]
[Site "Ste-Foy CAN"]
[Date "2016.01.30"]
[Round "3"]
[White "Gaudreau, Eric"]
[Black "Bahadi, Khalid"]
[Result "0-1"]
[WhiteElo "1797"]
[BlackElo "1976"]
[PlyCount "70"]
[EventDate "2016.01.16"]
[EventType "swiss"]
[EventRounds "5"]
[EventCountry "CAN"]

1. e4 e5 2. Nf3 Nc6 3. Bb5 a6 4. Ba4 Nf6 5. O-O b5 6. Bb3 d6 7. c3 Na5 8. Bc2
c5 9. d3 Nc6 10. Re1 Be7 11. h3 Qc7 12. Nbd2 O-O 13. Nf1 g6 14. Ng3 d5 15. Qe2
d4 16. a3 a5 17. Bd2 Rb8 18. Rec1 Qd6 19. Nf1 b4 20. c4 b3 21. Bd1 a4 22. Bh6
Nh5 23. Bd2 Nf6 24. g4 Kg7 25. Kh2 Rh8 26. Ng3 h6 27. Qf1 Nd8 28. Ne2 Ne6 29.
Qg2 Ng5 30. Kg3 Nxh3 31. Nxe5 Nxg4 32. f4 Nxe5 33. fxe5 Qxe5+ 34. Nf4 Qg5+ 35.
Kh2 Nxf4 0-1

[Event "Ste-Foy - Euwe"]
[Site "Ste-Foy CAN"]
[Date "2016.01.30"]
[Round "3"]
[White "Lessard, Claude"]
[Black "Doyon, Stephane"]
[Result "0-1"]
[WhiteElo "2004"]
[BlackElo "1808"]
[PlyCount "72"]
[EventDate "2016.01.16"]
[EventType "swiss"]
[EventRounds "5"]
[EventCountry "CAN"]

1. d4 d5 2. e4 c6 3. c4 dxe4 4. Nc3 Nf6 5. f3 exf3 6. Nxf3 Bg4 7. Be2 e6 8. O-O
Be7 9. Be3 O-O 10. Qb3 Qb6 11. Qc2 Nbd7 12. Qd2 c5 13. d5 exd5 14. cxd5 Bxf3
15. Rxf3 Ne5 16. Rg3 Rfd8 17. Rf1 Qb4 18. Rf4 c4 19. a3 Qa5 20. Rf5 Nd3 21.
Rfg5 Ne8 22. Bxd3 cxd3 23. Rh5 Bc5 24. Qxd3 Nf6 25. Rhg5 g6 26. h4 Rd6 27. h5
Bxe3+ 28. Qxe3 Nxd5 29. Qd3 Qb6+ 30. Kh1 Nxc3 31. Qxc3 Rd1+ 32. Kh2 Qg1+ 33.
Kh3 Qh1+ 34. Kg4 Rad8 35. hxg6 R1d4+ 36. Kf5 Qf1+ 0-1

[Event "Ste-Foy - Euwe"]
[Site "Ste-Foy CAN"]
[Date "2016.02.06"]
[Round "4"]
[White "Bahadi, Khalid"]
[Black "Sauve, Richard"]
[Result "0-1"]
[WhiteElo "1976"]
[BlackElo "1859"]
[PlyCount "34"]
[EventDate "2016.01.16"]
[EventType "swiss"]
[EventRounds "5"]
[EventCountry "CAN"]

1. e4 e6 2. d4 d5 3. Nc3 Nf6 4. Bg5 Bb4 5. a3 Bxc3+ 6. bxc3 dxe4 7. f3 Qd5 8.
Bxf6 gxf6 9. Qe2 f5 10. Rd1 b6 11. c4 Qa5+ 12. Rd2 Nc6 13. Qe3 Bb7 14. fxe4
O-O-O 15. Kf2 fxe4 16. Ne2 Ne5 17. Qc3 e3+ 0-1

[Event "Ste-Foy - Euwe"]
[Site "Ste-Foy CAN"]
[Date "2016.02.06"]
[Round "4"]
[White "Caron, Sebastien"]
[Black "Abran, David"]
[Result "1/2-1/2"]
[WhiteElo "2033"]
[BlackElo "1809"]
[PlyCount "78"]
[EventDate "2016.01.16"]
[EventType "swiss"]
[EventRounds "5"]
[EventCountry "CAN"]

1. e4 c5 2. Nf3 d6 3. d4 cxd4 4. Nxd4 Nf6 5. Nc3 a6 6. Be2 e5 7. Nb3 Be6 8. f4
Qc7 9. g4 Bc4 10. g5 Nfd7 11. Nd5 Bxd5 12. exd5 exf4 13. Bxf4 Ne5 14. Qd2 Nbd7
15. O-O-O g6 16. Kb1 Bg7 17. Rc1 O-O 18. h4 Rfc8 19. h5 a5 20. hxg6 hxg6 21.
Bxe5 Nxe5 22. Rh4 a4 23. Nd4 Nc4 24. Bxc4 Qxc4 25. Nf5 gxf5 26. Rxc4 Rxc4 27.
Qd3 Re4 28. a3 Rae8 29. Rg1 f4 30. g6 Re1+ 31. Rxe1 Rxe1+ 32. Ka2 fxg6 33. Qxg6
f3 34. Qf5 Re2 35. Qc8+ Kf7 36. Qg4 Bf6 37. c3 Ke7 38. Qxf3 Rh2 39. Kb1 Be5
1/2-1/2

[Event "Ste-Foy - Euwe"]
[Site "Ste-Foy CAN"]
[Date "2016.02.06"]
[Round "4"]
[White "Chouinard, Etienne"]
[Black "Dube, Daniel"]
[Result "1/2-1/2"]
[WhiteElo "1824"]
[BlackElo "1960"]
[PlyCount "82"]
[EventDate "2016.01.16"]
[EventType "swiss"]
[EventRounds "5"]
[EventCountry "CAN"]

1. d4 d5 2. c4 dxc4 3. e3 e5 4. Bxc4 exd4 5. exd4 Qe7+ 6. Ne2 Nf6 7. O-O Qd7 8.
Re1 Be7 9. Ng3 O-O 10. Nc3 c6 11. a4 Qd8 12. Qb3 h6 13. Bf4 a5 14. Rad1 Bb4 15.
d5 cxd5 16. Bxd5 Nbd7 17. Bc4 Qb6 18. Be3 Qc7 19. Bd4 Nb6 20. Bxb6 Qxb6 21. h3
Bd7 22. Re5 Bc6 23. Nd5 Nxd5 24. Bxd5 Qc7 25. Re2 Rad8 26. Bxc6 Rxd1+ 27. Qxd1
bxc6 28. b3 Rd8 29. Qc2 g6 30. Ne4 Be7 31. Rd2 Rxd2 32. Qxd2 f5 33. Qxh6 fxe4
34. Qxg6+ Kf8 35. Qxe4 Qd6 36. Qf5+ Bf6 37. Qxa5 Qd1+ 38. Kh2 Qxb3 39. Qc5+ Kf7
40. Qxc6 Qb8+ 41. g3 Qa7 1/2-1/2

[Event "Ste-Foy - Euwe"]
[Site "Ste-Foy CAN"]
[Date "2016.02.06"]
[Round "4"]
[White "Sarra-Bournet, Marc"]
[Black "Gaudreau, Eric"]
[Result "0-1"]
[WhiteElo "1856"]
[BlackElo "1797"]
[PlyCount "88"]
[EventDate "2016.01.16"]
[EventType "swiss"]
[EventRounds "5"]
[EventCountry "CAN"]

1. e4 b6 2. d4 Bb7 3. Nf3 Bxe4 4. Nc3 Bb7 5. Bd3 Nf6 6. Qe2 e6 7. O-O Be7 8.
Bg5 d5 9. Ne5 a6 10. Rfe1 Qd6 11. Rab1 O-O 12. Qf3 c5 13. dxc5 bxc5 14. Bxf6
Bxf6 15. Qh3 g6 16. Ng4 Nd7 17. Nh6+ Kg7 18. Ng4 h5 19. Nxf6 Nxf6 20. Rbd1 Qf4
21. g3 Qb4 22. Rb1 Rh8 23. a3 Qb6 24. Qh4 c4 25. Bf1 Ng4 26. Re2 d4 27. Ne4 d3
28. cxd3 cxd3 29. Rd2 Bxe4 30. Qg5 Qd4 31. Qf4 e5 32. Qg5 f6 33. Qh4 g5 34. Qh3
Rac8 35. Rbd1 Nxf2 36. Rxf2 Rc2 37. Qd7+ Qxd7 38. Rxc2 Qa7+ 39. Rf2 Rc8 40.
Bxd3 Bxd3 41. Rxd3 Rc2 42. Rdf3 Rxf2 43. Rxf2 e4 44. Kg2 Qd4 0-1

[Event "Ste-Foy - Euwe"]
[Site "Ste-Foy CAN"]
[Date "2016.02.13"]
[Round "5"]
[White "Abran, David"]
[Black "Oliver, Vance"]
[Result "1-0"]
[WhiteElo "1809"]
[BlackElo "1567"]
[PlyCount "79"]
[EventDate "2016.01.16"]
[EventType "swiss"]
[EventRounds "5"]
[EventCountry "CAN"]

1. d4 Nf6 2. f3 g6 3. e4 d6 4. Be3 Bg7 5. Qd2 Nc6 6. Nc3 a6 7. Nge2 O-O 8. Bh6
b5 9. g4 b4 10. Nd5 e5 11. Nxf6+ Qxf6 12. Bxg7 Kxg7 13. Bg2 Nxd4 14. Nxd4 Qh4+
15. Ke2 exd4 16. Qxd4+ Qf6 17. Qxb4 a5 18. Qc3 Ba6+ 19. Kd2 Qxc3+ 20. Kxc3 Rfe8
21. Rhe1 Re5 22. f4 Rc5+ 23. Kd2 Rb8 24. b3 Rb4 25. c3 Rb8 26. Rab1 Bb7 27. b4
axb4 28. Rxb4 Ra5 29. a4 c5 30. Rb2 Rxa4 31. e5 Bxg2 32. Rxb8 Ra2+ 33. Kc1 d5
34. Rb2 Ra1+ 35. Kd2 Ra4 36. Ke3 Ra3 37. Rxg2 Rxc3+ 38. Kf2 d4 39. f5 d3 40.
Kf1 1-0

[Event "Ste-Foy - Euwe"]
[Site "Ste-Foy CAN"]
[Date "2016.02.13"]
[Round "5"]
[White "Dube, Daniel"]
[Black "Caron, Sebastien"]
[Result "0-1"]
[WhiteElo "1960"]
[BlackElo "2033"]
[PlyCount "100"]
[EventDate "2016.01.16"]
[EventType "swiss"]
[EventRounds "5"]
[EventCountry "CAN"]

1. e4 c6 2. Nf3 d5 3. exd5 cxd5 4. Ne5 Nd7 5. d4 Nxe5 6. dxe5 e6 7. Bd3 Ne7 8.
O-O Nc6 9. Re1 Qc7 10. Nc3 a6 11. f4 Nb4 12. a3 Nxd3 13. cxd3 Bd7 14. d4 b5 15.
Qf3 g6 16. b3 Qb6 17. Ne2 Be7 18. Bd2 Rc8 19. Qd3 h5 20. Bb4 a5 21. Bxe7 Kxe7
22. Rec1 a4 23. b4 Rc4 24. Rxc4 dxc4 25. Qe3 Bc8 26. Nc3 Bb7 27. Rd1 Rd8 28.
Kf2 Qc6 29. Qg3 Ke8 30. Rd2 Qb6 31. Ke3 Kd7 32. Qf2 Kc8 33. Ke2 Bd5 34. Kd1 Qc6
35. Kc1 Rd7 36. h3 Kb7 37. g4 hxg4 38. hxg4 Be4 39. Qe3 Bd3 40. Rh2 Ka6 41. Rh8
Qg2 42. Qd2 Qg1+ 43. Kb2 Qxd4 44. Qg2 Rd5 45. Ra8+ Kb6 46. Rf8 Bf1 47. Qh2 Qe3
48. Nxd5+ exd5 49. Qc2 d4 50. Qc1 c3+ 0-1